Chile en el siglo XX
Guardado en:
| Autores principales: | , , , , |
|---|---|
| Otros Autores: | |
| Formato: | Libro |
| Lenguaje: | español |
| Publicado: |
Santiago
Planeta
1990
|
| Edición: | 3a. ed |
| Materias: | |
| Etiquetas: |
Agregar Etiqueta
Sin Etiquetas, Sea el primero en etiquetar este registro!
|
MARC
| LEADER | 00000nam a2200000 a 4500 | ||
|---|---|---|---|
| 001 | UCK6354 | ||
| 003 | CL-VaPUC | ||
| 008 | 050930e19900000CL |||||||||||||||||spa|d | ||
| 020 | |a 9562470570 | ||
| 082 | 0 | 4 | |a 983.064 |b AYL |2 21 |
| 100 | 0 | |a Aylwin Oyarzún, Mariana |e author |9 495519 | |
| 700 | 0 | |a Bascuñán Edwards, Carlos |e author |9 495520 | |
| 700 | 0 | |a Correa, Sofía |e author |9 495521 | |
| 700 | |a Gazmuri Riveros, Cristián |e autor |9 617185 | ||
| 700 | 0 | |a Serrano, Sol |e author |9 495523 | |
| 700 | 0 | |a Tagle, Matías |e author |9 495524 | |
| 245 | 1 | 0 | |a Chile en el siglo XX |
| 250 | |a 3a. ed | ||
| 300 | |a 298 p | ||
| 942 | |c BK | ||
| 945 | |d 20050930 00:00:00 |a cmena | ||
| 260 | |a Santiago |b Planeta |c 1990 | ||
| 650 | 0 | |a Historia de Chile |9 265473 | |
| 650 | 7 | |a HISTORIA SIGLO 19 |2 CL-VaPUC |9 257187 | |
| 650 | 0 | |a Historia siglo 20 |9 255736 | |
| 583 | |a last modification |c 20050930 00:00:00 |k Rodrigo Vera | ||
| 999 | |c 314641 |d 314639 | ||